[Event "ESP-ch U18"]
[Site "Padron"]
[Date "2008.08.01"]
[Round "8"]
[White "Pintor Munoz, Francisco"]
[Black "Rodriguez Perez, Angel Mariano"]
[Result "1/2-1/2"]
[WhiteElo "1808"]
[BlackElo "1974"]
[PlyCount "136"]
[EventDate "2008.07.27"]
[EventType "swiss"]
[EventRounds "9"]
[EventCountry "ESP"]
[SourceTitle "CBM 125 Extra"]
[Source "ChessBase"]
[SourceDate "2008.09.01"]
[SourceVersion "1"]
[SourceVersionDate "2008.09.01"]
[SourceQuality "1"]

1. e4 d6 2. d4 g6 3. Nc3 Bg7 4. f4 Nf6 5. Nf3 c5 6. Bb5+ Bd7 7. e5 Ng4 8. e6 Bxb5 9. exf7+ Kf8 10. Nxb5 Qa5+ 11. Nc3 cxd4 12. Nxd4 Bxd4 13. Qxd4 Nf6 14. 0-0 Nc6 15. Qc4 Qc5+ 16. Qxc5 dxc5 17. f5 Nd4 18. fxg6 hxg6 19. Bg5 Kxf7 20. Rae1 Rae8 21. Rxe7+ Kxe7 22. Bxf6+ Ke6 23. Bxh8 Rxh8 24. Ne4 b6 25. c3 Nf5 26. Ng5+ Kf6 27. Ne4+ Ke6 28. Re1 Kf7 29. g4 Nh6 30. h3 Rd8 31. Kf2 Rd3 32. Re3 Rd1 33. Kf3 Rf1+ 34. Kg3 Ng8 35. Rf3+ Rxf3+ 36. Kxf3 Ke6 37. Kf4 Ne7 38. c4 a6 39. Kg5 Ke5 40. Nf6 Kd4 41. Nd5 Nxd5 42. cxd5 Kxd5 43. Kxg6 b5 44. h4 c4 45. a3 a5 46. h5 b4 47. axb4 axb4 48. h6 c3 49. bxc3 bxc3 50. h7 c2 51. h8Q c1Q 52. Qd8+ Ke4 53. g5 Qc4 54. Qe7+ Kf4 55. Qf6+ Kg4 56. Qf5+ Kh4 57. Kh6 Qd4 58. Qf6 Qe3 59. Kg6 Kg4 60. Qf5+ Kh4 61. Kf6 Qd4+ 62. Ke6 Qc4+ 63. Kd6 Qd4+ 64. Ke7 Qe3+ 65. Kf6 Qd4+ 66. Kg6 Qe3 67. Kh6 Qd4 68. Qf6 Qe3 1/2-1/2

[Event "ESP-ch U18"]
[Site "Padron"]
[Date "2008.07.31"]
[Round "7"]
[White "Sanchez Ibern, Eric"]
[Black "Pintor Munoz, Francisco"]
[Result "1-0"]
[WhiteElo "2038"]
[BlackElo "1808"]
[PlyCount "35"]
[EventDate "2008.07.27"]
[EventType "swiss"]
[EventRounds "9"]
[EventCountry "ESP"]
[SourceTitle "CBM 125 Extra"]
[Source "ChessBase"]
[SourceDate "2008.09.01"]
[SourceVersion "1"]
[SourceVersionDate "2008.09.01"]
[SourceQuality "1"]

1. e4 e5 2. Nf3 Nc6 3. d4 exd4 4. Bc4 Nf6 5. Ng5 Ne5 6. Qxd4 d6 7. Bf4 Nxc4 8. Qxc4 Qe7 9. Nc3 a6 10. 0-0-0 Be6 11. Nxe6 fxe6 12. e5 0-0-0 13. exf6 gxf6 14. Rhe1 d5 15. Nxd5 Rxd5 16. Rxd5 exd5 17. Rxe7 dxc4 18. Rxc7+ 1-0